Łańcuch piłkarzy - zdjęcia #1 - Statystyki

Ogólne statystyki
  • Ten quiz został rozwiązany 124 razy
  • Średni wynik to 14 z 20
Statystyki odpowiedzi
Obrazkowy Odpowiedź % Poprawnych
Robert Lewandowski
100%
Diego Maradona
94%
Gareth Bale
93%
Joshua Kimmich
93%
David Alaba
89%
Lamine Yamal
89%
Leroy Sane
88%
Gianluigi Donnarumma
87%
Andre Onana
86%
Federico Chiesa
86%
Ederson
85%
Pavel Nedved
80%
David Raya
63%
Jesus Navas
61%
Corentin Tolisso
58%
Grzegorz Lato
51%
Erik Lamela
42%
Shunsuke Nakamura
33%
Roberto Soldado
31%
Faustino Asprilla
8%
Nie znaleziono quizów pasujących do podanych kryteriów
Rozkład punktacji
Procent ludzi z każdym wynikiem
Percentyl według liczby udzielonych odpowiedzi
Twoja historia wyników
Nie rozwiązałeś tego quizu